00721cam a22002294a 4500001000500000005001700005020001800022040002300040050001200063082001100075100002100086245003600107260004400143300004700187490003700234505000800271520009000279521002900369650003200398650005000430650001100480358420240321133642.0 a9780736828666 aDLCcDLCdDLCbeng00aSB481.300a333.781 aCipriano, Jeri S10aAt the park /cby Jeri Cipriano aMankato, bYellow Umbrella Books,c2004 a16 pages : bcolor illustrations ;c21 cm. a Yellow Umbrella BooksvLevel A  aE  aSimple text and photographs present the many different things people can do in parks. a200 bLexile estimate  0aParksvJuvenile literature. 0aParksxRecreational usevJuvenile literature. 1aParks.